Statistics for Washington Wizards NBA All-Stars

Click here to take the quiz!

General Stats

  • This quiz has been taken 67 times
    (49 since last reset)
  • The average score is 10 of 26

Answer Stats

Players Selections Last % Correct
John Wall52018
97%
Bradley Beal22019
92%
Gilbert Arenas22007
87%
Elvin Hayes81980
84%
Wes Unseld51975
82%
Michael Jordan22003
74%
Antawn Jamison12008
68%
Chris Webber11997
53%
Caron Butler22008
39%
Gus Johnson51971
39%
Juwan Howard11996
37%
Earl Monroe21971
34%
Bernard King11991
29%
Walt Bellamy31965
21%
Jeff Malone21987
18%
Moses Malone11987
18%
Phil Chenier31977
16%
Bob Dandridge11979
13%
Michael Adams11992
11%
Dave Bing11976
11%
Terry Dischinger11964
8%
Jeff Ruland11984
8%
Jack Marin11972
8%
Archie Clark11972
5%
Don Ohl31967
3%
Bailey Howell11966
3%

Score Distribution

Percentile by Number Answered

Percent of People with Each Score

Your Score History

You have not taken this quiz since the last reset